000 00279nam a2200121 a 4500
008 101025s2009|||| d
100 1 _aSwarup, Vikas
245 1 0 _aMilionár z chatrče
260 _bIkar
_aBratislava
_c2009
041 _aslo
020 _c11,58
044 _axo
_cSK
999 _c12164
_d12164